000 01132naa a22002897a 4500
001 BR7200315
003 BR-BrBNA
005 20240918173435.0
007 ta
008 230509b bl.||||| |||| 00| 0 por d
040 _aBR-BrBNA
_bpor
_cBiblioteca Nacional de Agricultura
041 _a(Pt)
072 _aQ20
_b9800
090 _aQ20 BR7200315
100 1 _aZogbi, E. do V.
111 1 _a13. Congresso Brasileiro de Medicina Veterinaria
_cBrasilia, DF (Brazil)
_d19 Nov 1972
245 1 _aDeterioracao do pescado-conservacao [Microbiologia de alimento; Preservacao de alimento; Toxicologia de alimento; Peixe]
260 3 _aBrasilia, DF (Brasil):
_c1972.
500 _aAnais do 13. Congresso Brasileiro de Medicina Veterinaria Brasilia, DF (Brasil): 1972. p. 232-235 (BR7200315-AM)Q20
650 _aMicrobiologia de alimento
650 _aPreservacao de alimento
650 _aToxicologia de alimento
650 _aPeixe
773 0 _tAnais do 13. Congresso Brasileiro de Medicina Veterinaria
_wQ20 BR7200315
_gBrasilia, DF (Brasil), 1972. p. 232-235
909 _a202404
_bLucia
_c55
_dLucia Elande
942 _cAM
_2AGRIS
999 _c304616
_d304616